[Event "Finland Team Ch 2010-2011"]
[Site "Helsinki FIN"]
[Date "2010.09.18"]
[Round "1"]
[White "Heikkinen, Jyrki"]
[Black "Calonius, Mikael"]
[Result "1-0"]
[Section "II Division:1"]
[Board "1"]
[WhiteTeam "Lauttasaaren Shakkikerho"]
[BlackTeam "Käpylän Shakkikerho 2"]
[WhiteElo "2062"]
[BlackElo "1912"]

1.d4 Nf6 2.Nc3 g6 3.e4 d6 4.Bg5 Bg7 5.Qd2 c6 6.Nf3 O-O 7.Bh6 b5 8.Bd3
Bb7 9.e5 b4 10.Ne2 Nd5 11.h4 Re8? 12.h5 Bh8 13.e6 Bf6 14.Ng5 (14.hxg6
fxg6 15.Bxg6! Kh8 16.Bg7+! Bxg7 17.Rxh7+ Kg8 18.Bf7+ Kxh7 19.O-O-O {+-})
Bxg5 15.Qxg5 f6 16.Qg4 g5 17.Qf5 1-0

[Event "Finland Team Ch 2010-2011"]
[Site "Helsinki FIN"]
[Date "2010.09.18"]
[Round "1"]
[White "Suominen, Antti"]
[Black "Sobenin, Evgeny"]
[Result "1/2-1/2"]
[Section "II Division:1"]
[Board "2"]
[WhiteTeam "Käpylän Shakkikerho 2"]
[BlackTeam "Lauttasaaren Shakkikerho"]
[WhiteElo "1900"]
[BlackElo "1942"]

1.e4 d6 2.d4 g6 3.Nc3 Bg7 4.f4 c6 5.Nf3 Bg4 6.Be3 Nf6 7.h3 Bxf3 8.Qxf3
d5 9.e5 Nfd7 10.O-O-O e6 11.g4 Na6 12.f5 Qa5 13.Bg2 Nc7 14.Rdf1 O-O-O
15.Bd2 Qb6 16.Ne2 Qa6 17.Kb1 Nb6 18.h4 Nc4 19.Bc1 Rd7 20.h5 gxf5
21.gxf5 exf5 22.Bh3 Ne6 23.Bxf5 Qb6 24.Qb3 Qxb3 25.axb3 Nb6 26.Rhg1
Bf8 27.Bg5 Be7 28.Bxe7 Rxe7 29.Rg7 Kd8 30.Rxh7 Rxh7 31.Bxh7 f6 32.Rxf6
(32.Bg6! fxe5 33.h6 {+-}) Rxh7 33.Rxe6 Rxh5 34.Nf4 Rf5 35.Ng6 (35.Nd3!)
Nc8 36.Nh8 Rh5 37.Nf7+ Kd7 38.Rf6 Ke7 39.Nd6 (39.Nh6!) Nxd6 40.Rxd6
Rh4 41.c3 Rh1+ 42.Ka2 a5 43.Rg6 Kf7 44.Rd6 Ke7 45.Rg6 Kf7 46.Rg2 Rh4
47.Rg1 b6 48.Rf1+ Ke7 49.Rf6 Kd7 50.Rf7+ Kc8 51.Rg7 Re4 52.Rg1 Kd7
53.Kb1 Re2 54.Kc1 Kc8 55.Rd1 Kd7 56.Rd2 Re1+ 57.Kc2 b5 58.Rh2 a4
59.Rh7+ Kd8 60.bxa4 bxa4 61.Ra7 Ra1 62.Kd3 (62.c4!) Ra2 63.Ke3 Rxb2
64.Kf4 Rf2+ 65.Kg5 Rf3 66.Rxa4 Ke7 67.Ra3 (67.c4) Ke6 68.Kg4 Re3
69.Kf4 Rh3 70.Kg4 Rd3 71.Kg5 Rg3+ 72.Kf4 Rh3 73.Kg4 1/2-1/2

[Event "Finland Team Ch 2010-2011"]
[Site "Helsinki FIN"]
[Date "2010.09.18"]
[Round "1"]
[White "Joutsivuo, Timo"]
[Black "Nurmela, Janne"]
[Result "1-0"]
[Section "II Division:1"]
[Board "3"]
[WhiteTeam "Lauttasaaren Shakkikerho"]
[BlackTeam "Käpylän Shakkikerho 2"]
[WhiteElo "1928"]
[BlackElo "1878"]

1.d4 d5 2.c4 Nf6 3.Nc3 c6 4.Nf3 e6 5.e3 Be7 6.Bd3 dxc4 7.Bxc4 O-O
8.O-O Nbd7 9.Qe2 b6 10.Rd1 Bb7 11.h3 Qc7 12.e4 Rfe8 13.Be3 Rac8
14.Rac1 Bf8 15.Bd3 (15.e5 Nd5 16.Nxd5 cxd5 17.Bxd5) Qb8 16.Bb1 c5
17.e5 Nd5 18.Bxh7+! Kh8 (18...Kxh7 19.Ng5+ Kg6 20.Qd3+ f5 21.exf6+
Kxf6 22.Nce4+ Ke7 23.dxc5 {+/-}) 19.Ng5 g6 20.Qg4 Nxe5 21.dxe5 Be7
22.Bxg6 Bxg5 23.Qh5+ Kg7 24.Qh7+ Kf8 25.Qxf7# 1-0

[Event "Finland Team Ch 2010-2011"]
[Site "Helsinki FIN"]
[Date "2010.09.18"]
[Round "1"]
[White "Jalo, Pentti"]
[Black "Pitkänen, Tuomas"]
[Result "0-1"]
[Section "II Division:1"]
[Board "4"]
[WhiteTeam "Käpylän Shakkikerho 2"]
[BlackTeam "Lauttasaaren Shakkikerho"]
[WhiteElo "1794"]
[BlackElo "1925"]

1.Nf3 d5 2.e3 Bf5 3.d4 e6 4.Be2 Nf6 5.Nc3 Nbd7 6.a3 c5 7.Bd3 Bg6 8.Ne5
c4 9.Be2 Nxe5 10.dxe5 Nd7 11.f4 a6 12.Bf3 Nc5 13.O-O Be7 14.Ne2 O-O
15.Bd2 Qb6 16.Rb1 Rfd8 17.Nd4 Rac8 18.Bb4 a5 19.Bxc5 Bxc5 20.Rf2 Qa7
21.Rc1 c3 22.bxc3 Bxa3 23.Rb1 Qc5 (23...Rxc3! 24.Nb5 Qxe3) 24.Rb3 a4
25.Rxb7 Qxc3 26.Qd2 Bf8 27.g4 Be4 28.Kg2 a3 29.Bxe4 Qxd2? (29...dxe4)
30.Bxh7+ Kh8? 31.Rxd2 Kxh7 32.Ra7 (32.Rxf7 {+/=}) Ra8 33.Rxa8 Rxa8
34.Nb3 Bb4 35.Rd1 Rc8 36.Na1 Bc3 37.Kf3 a2 38.Nb3 Bb2 39.Na1 Bxa1
40.Rxa1 Rxc2 41.h4 f6 42.g5 fxe5 43.fxe5 Kg6 44.Kf4 Rc4+ 45.Kg3 Ra4
46.Kf3 Kf5 47.Ke2 Kg4 48.Kd3 Kxh4 49.Kc3 Kxg5 50.Kb3 Ra8 51.Kb2 Kf5
52.Rf1+ Kxe5 53.Ka1 Ke4 54.Rg1 Ra7 55.Rg6 e5 56.Rg5 g6 57.Rxg6 Kxe3
58.Rg3+ Kd4 59.Rg1 e4 60.Rd1+ Ke5 61.Rh1 d4 62.Rh5+ Kf4 63.Rh4+ Kf3
64.Rh3+ Ke2 {no more moves recorded} 0-1

[Event "Finland Team Ch 2010-2011"]
[Site "Helsinki FIN"]
[Date "2010.09.18"]
[Round "1"]
[White "Järvinen, Seppo"]
[Black "Nupponen, Tapio"]
[Result "0-1"]
[Section "II Division:1"]
[Board "5"]
[WhiteTeam "Lauttasaaren Shakkikerho"]
[BlackTeam "Käpylän Shakkikerho 2"]
[WhiteElo "1772"]
[BlackElo "1779"]

1.e4 c5 2.Nf3 d6 3.Nc3 a6 4.h3 e6 5.Be2 Nf6 6.O-O Nbd7 7.d4 cxd4
8.Qxd4 Qc7 9.Be3 Be7 10.Qd2 O-O 11.Bd3 b5 12.a3 Bb7 13.Rae1 Rac8
14.Bf4 e5 15.Bg5 Nb6 16.Nh4 g6 17.Nd1 d5 18.exd5 Bxd5 19.Qe3 e4 20.Be2
Nbd7 21.Nc3 Bb7 22.Bh6 Rfe8 23.Nf5 Bc5 24.Qg5 Re5 25.g4 Bf8 26.Rd1
Bxh6 27.Nxh6+ Kg7 28.Qf4 Rc5 29.Rd6 Rc6 (29...g5!) 30.Rfd1 Rxd6
31.Rxd6 Rf8 32.g5? (32.Qg5 {=}) Ne8 33.Rf6 Ndxf6 34.gxf6+ Kh8 35.Qh4 Qe5
36.Ng4 Qf4 37.Qg3 Qxg3+ 38.fxg3 h5 39.Ne3 Nxf6 40.Kf2 Rd8 41.Ke1 Nd5
42.Ncxd5 Bxd5 43.c4 bxc4 44.Nxd5 Rxd5 45.Bxc4 Rd6 46.Bxf7 Kg7 47.Bc4
Kf6 48.Ke2 Ke5 49.Ke3 g5 50.a4 a5 0-1

[Event "Finland Team Ch 2010-2011"]
[Site "Helsinki FIN"]
[Date "2010.09.18"]
[Round "1"]
[White "Peltola, Risto"]
[Black "Piippo, Mikko"]
[Result "1-0"]
[Section "II Division:2"]
[Board "2"]
[WhiteTeam "Helsingin Shakkiklubi 4"]
[BlackTeam "Lauttasaaren Shakkikerho 2"]
[WhiteElo "1896"]
[BlackElo "1774"]

1.e4 d5 2.exd5 Qxd5 3.Nc3 Qd6 4.d4 Nf6 5.Nf3 a6 6.Be2 b5 7.O-O Bb7
8.Bg5 Nbd7 9.a3 e6 10.Qd2 Be7 11.Rad1 O-O 12.Nh4 c5 13.Bf3 Bxf3
14.Nxf3 Rfd8 15.Rfe1 Rac8 16.d5 exd5 17.Nxd5 Bf8 18.Ne7+ Bxe7 19.Qxd6
Bxd6 20.Rxd6 h6 21.Bh4 g5 22.Bg3 g4 23.Nh4 Re8 24.Kf1 Rxe1+ 25.Kxe1
Re8+ 26.Kd1 Re6 27.Nf5 Rxd6+ 28.Nxd6 c4 29.Ke2 Nd5 30.Nf5 Kh7 31.Bd6
Kg6 32.Ne7+ Nxe7 33.Bxe7 Kf5 34.f3 h5 35.Bd6 Ke6 36.Bc7 Kd5 37.fxg4
hxg4 38.Ke3 Nc5 39.h4 gxh3 40.gxh3 Ne6 41.Ba5 Ke5 42.h4 Ng7??
(42...Kf5 {=}) 43.Bc3+ 1-0

[Event "Finland Team Ch 2010-2011"]
[Site "Helsinki FIN"]
[Date "2010.09.18"]
[Round "1"]
[White "Siikonen, Timo"]
[Black "Varho, Ilkka"]
[Result "1/2-1/2"]
[Section "II Division:2"]
[Board "3"]
[WhiteTeam "Helsingin Shakkiklubi 4"]
[BlackTeam "Lauttasaaren Shakkikerho 2"]
[WhiteElo "1735"]
[BlackElo "1866"]

1.e4 e6 2.d4 d5 3.Nc3 Bb4 4.a3 Bxc3+ 5.bxc3 Ne7 6.Qg4 O-O 7.e5 f5
8.exf6 Rxf6 9.Bg5 Rg6 10.Qh4 Rxg5? 11.Qxg5 Nd7 12.Bd3 Nf6 13.Ne2 c5
14.dxc5 Qc7 15.Ng3 Qxc5 16.O-O Bd7 17.Nh5 Nxh5 18.Qxh5 g6 19.Qg5 Qd6
20.Rae1 b5 21.h4 Rf8 22.h5 Kg7 23.hxg6 hxg6 24.Re3 Rh8 25.Qe5+
(25.Rfe1 {+/-}) Qxe5 26.Rxe5 Rc8 27.Rb1 Rxc3 28.Rb3 Rc5 29.Rg5 Kf6
30.f4 Nf5 31.g4 Nd4 32.Rxg6+ Kf7 33.Rb2 Ne2+ 34.Bxe2 1/2-1/2

[Event "Finland Team Ch 2010-2011"]
[Site "Helsinki FIN"]
[Date "2010.09.18"]
[Round "1"]
[White "Varjokallio, Matti"]
[Black "Virtanen, Jarmo"]
[Result "1-0"]
[Section "II Division:2"]
[Board "5"]
[WhiteTeam "Helsingin Shakkiklubi 4"]
[BlackTeam "Lauttasaaren Shakkikerho 2"]
[WhiteElo "1575"]
[BlackElo "1801"]

1.e4 c5 2.Nf3 d6 3.d4 cxd4 4.Nxd4 Nf6 5.Nc3 a6 6.Be3 Nc6 7.Qd2 Ng4
8.Bg5 Qa5?! 9.Nb3 Qd8 10.O-O-O Bd7 11.h3 Nf6 12.g4 b5 13.Bg2 Rb8 14.f4
Na5? 15.Nxa5 (15.e5 h6 16.Nxa5 Qxa5 17.exf6 hxg5 $18) Qxa5 16.e5 b4
17.Nb1 h6 18.exf6 (18.Bh4 $18) hxg5 19.fxe7 Bxe7 20.Rhe1 Qc7 21.f5
Rb6? (21...Kf8 $11) 22.Qxg5 Be6?? 23.Qxg7 Rf8 24.fxe6 f6 25.Bd5 Rb5
26.Qg6+ Kd8 27.h4 Qa5 28.Bb3 Re5 29.Nd2 Qc5 30.Ne4 Qc6 31.g5
(31.Nxd6!) fxg5 32.hxg5 Ref5 33.Nf6 (33.Nxd6!) Rf2 34.Nd7 Re8 35.Qd3?!
Bxg5+ 36.Kb1 Be7 37.Qd4 Rh2 38.Qxb4 Rh5 39.Ba4 Qc7 40.Nb8 Reh8 41.Bd7
Rb5 42.Bxb5 Qxb8 43.Qa5+ 1-0

[Event "Finland Team Ch 2010-2011"]
[Site "Hanko FIN"]
[Date "2010.09.18"]
[Round "1"]
[White "Jalas, Aaro"]
[Black "Österlund, Magnus"]
[Result "1/2-1/2"]
[Section "III Division:5"]
[Board "1"]
[WhiteTeam "Lauttasaaren Shakkikerho 3"]
[BlackTeam "Hangon Shakkiseura"]
[WhiteElo "1568"]
[BlackElo "1841"]

1.d4 f5 2.e4 d6 3.exf5 Bxf5 4.Qf3 Qc8 5.Bd3 Bxd3 6.Qxd3 c6 7.Nf3 Qg4
8.O-O Nf6 9.Nc3 Nbd7 10.h3 Qh5 11.Rfe1 h6 12.Ne4 Nxe4 13.Qxe4 O-O-O
14.Bd2 Kb8 15.c4 g5 16.Qe6 c5 17.Bc3 Rh7 18.d5 Nb6 19.b3 Nc8 20.Nh2
Bg7 21.Bxg7 Rxg7 22.Ng4 Rh8 23.Ne5 Rhg8 24.Ng4 (24.g4! Qh4 25.Nd7+ Ka8
26.Kg2 h5 27.Rh1 {+/-}) Rh8 25.Ne5 Rhg8 26.Ng4 1/2-1/2

[Event "Finland Team Ch 2010-2011"]
[Site "Hanko FIN"]
[Date "2010.09.18"]
[Round "1"]
[White "Repo, Erkki"]
[Black "Laakso, Mikko"]
[Result "1/2-1/2"]
[Section "III Division:5"]
[Board "4"]
[WhiteTeam "Hangon Shakkiseura"]
[BlackTeam "Lauttasaaren Shakkikerho 3"]
[WhiteElo "1492"]
[BlackElo "1499"]

1.e4 c5 2.Nf3 d6 3.g3 Nc6 4.c3 Nf6 5.d3 g6 6.Bg2 Bg7 7.O-O O-O 8.Qc2
Bg4 9.h3 Bxf3 10.Bxf3 Qd7 11.Bg2 Rfc8 12.Bg5 h6 13.Bxf6 Bxf6 14.Nd2
Rab8 15.a4 e6 16.f4 Bg7 17.Nc4 d5 18.exd5 exd5 19.Nd2 a5 1/2-1/2

[Event "Finland Team Ch 2010-2011"]
[Site "Hanko FIN"]
[Date "2010.09.18"]
[Round "1"]
[White "Kauppinen, Janne"]
[Black "Westerlund, Svante"]
[Result "1/2-1/2"]
[Section "III Division:5"]
[Board "5"]
[WhiteTeam "Lauttasaaren Shakkikerho 3"]
[BlackTeam "Hangon Shakkiseura"]
[WhiteElo "1434"]
[BlackElo "1471"]

1.c4 e5 2.Nc3 Nf6 3.e3 c5 4.Be2 Nc6 5.d3 b6 6.Nf3 Bb7 7.a3 Be7 8.O-O
O-O 9.b3 d5 10.cxd5 Nxd5 11.Bb2 Nxc3 12.Bxc3 Qc7 13.Qc2 Rad8 14.Qb2
Bf6 15.e4? Ba6 16.Rfd1 Rd7 17.b4 Nd4 18.Bxd4 cxd4 19.b5 Bb7 20.a4 Rc8
21.Rdc1 Qd8 22.h3 Rdc7 1/2-1/2

[Event "Finland Team Ch 2010-2011"]
[Site "Espoo FIN"]
[Date "2010.10.16"]
[Round "2"]
[White "Kauppala, Pekka"]
[Black "Alhava, Antero"]
[Result "1-0"]
[Section "II Division:1"]
[Board "1"]
[WhiteTeam "Lauttasaaren Shakkikerho"]
[BlackTeam "Leppävaaran Sisu"]
[WhiteElo "2153"]
[BlackElo "2058"]

1.e4 e6 2.d4 d5 3.Bd3 c5 4.exd5 Qxd5 5.Nc3 Qd8 6.Nf3 Nf6 7.Bg5 Be7
8.dxc5 Nc6 9.O-O Bxc5 10.Qe2 Be7 11.Rad1 Qa5 12.Ne4 Nxe4 13.Bxe7 Nc3
14.bxc3 Nxe7 15.Bb5+ Nc6 16.Qe5 O-O 17.Bxc6 Qxe5 18.Nxe5 bxc6 19.Rd6
Ba6 20.Rfd1 Be2 21.R1d2 Bb5 22.c4 Ba4? 23.Nd7 1-0

[Event "Finland Team Ch 2010-2011"]
[Site "Espoo FIN"]
[Date "2010.10.16"]
[Round "2"]
[White "Kohvakka, Raimo"]
[Black "Heikkinen, Jyrki"]
[Result "0-1"]
[Section "II Division:1"]
[Board "2"]
[WhiteTeam "Leppävaaran Sisu"]
[BlackTeam "Lauttasaaren Shakkikerho"]
[WhiteElo "1830"]
[BlackElo "2068"]

1.Nf3 Nc6 2.g3 e5 3.e4 Nf6 4.d3 d5 5.Nbd2 Bg4 6.Bg2 dxe4 7.dxe4 Qd7
(7...Nxe4 8.Nxe4 Qxd1+ 9.Kxd1 Nd4 10.c3 Nxf3 11.h3 O-O-O+ 12.Kc2 Bh5
13.g4 Nh4 {=/+}) 8.O-O O-O-O 9.Qe1 Bh3 10.c3 h5 11.Nc4 h4 12.Ncxe5 Nxe5
13.Nxe5 Qe6 14.f4 Bc5+ 15.Be3 hxg3 16.hxg3 Nxe4?? (16...Bxe3+ 17.Qxe3
Bxg2 18.Kxg2 Qh3+ 19.Kf3 Qh5+ 20.Kf2 Qh2+ 21.Kf3 Rd2! 22.Rf2 Qh5+
23.Kg2 Nxe4 24.Rxd2 Qh2+ 25.Kf1 Nxd2+ 26.Ke1 Qh1+ {-+}) 17.Bxe4 f6
18.Bxc5 fxe5 19.Bg2?? (19.Rf2) Bxg2 20.Kxg2 Qc6+ (20...Rd3!! 21.Be3
exf4 22.Rxf4 Rxe3 {-+}) 21.Rf3 Qxc5 (21...Rh2+ 22.Kxh2 Qxf3 23.Be7 Rh8+
24.Bh4 exf4 25.Kg1 g5 26.Qe5 Rd8 27.Rf1) 22.Rd1 Rxd1 23.Qxd1 e4
24.Rf2?? (24.Rf1 {-/+}) e3 25.Qg4+ Kb8 26.Qxg7 Qd5+ 27.Rf3 Re8 28.Qg6
Qd2+ 29.Kh3 Rh8+ (29...Qd7+! 30.Kg2 e2) 30.Kg4 e2 31.Rd3 Qc1 32.Qf6
Rc8 (32...Rg8+! 33.Kf5 Qb1) 33.Rd8 e1=Q?? (33...Qd1 {-+}) 34.Rxc8+ Kxc8
35.Qf5+ Kd8 36.Qd5+ Ke8 37.Qg8+ Ke7 38.Qg7+?? (38.Qh7+) Kd8 39.Qd4+
Ke8 40.Qh8+ Kf7?? (40...Kd7 {-+}) 41.Qh7+ Ke6 42.Qg6+ Kd7 43.Qd3+ Ke6
44.Qg6+ Ke7 45.Qg7+?? (45.Qh7+ {=}) Kd6 46.Qd4+ Kc6?? (46...Ke6 47.Qc4+
Kf6 48.Qd4+ Kf7 {-+}) 47.Qf6+?? (47.Qc4+ {=}) Kb5 48.Qf5+ Kc4 49.Qf7+ Kd3
50.Qd5+ Kc2 51.Qg2+ Kb1 52.f5 Qed1+ 53.Qf3 Qxf3+ 54.Kxf3 Qg5 55.g4
Kxb2 56.c4 Kxa2 57.Ke4 Qxg4+ 58.Ke5 Qxc4 0-1

[Event "Finland Team Ch 2010-2011"]
[Site "Espoo FIN"]
[Date "2010.10.16"]
[Round "2"]
[White "Sobenin, Evgeny"]
[Black "Pulkkinen, Heikki"]
[Result "1/2-1/2"]
[Section "II Division:1"]
[Board "3"]
[WhiteTeam "Lauttasaaren Shakkikerho"]
[BlackTeam "Leppävaaran Sisu"]
[WhiteElo "1940"]
[BlackElo "1840"]

1.d4 Nf6 2.Nf3 g6 3.Nc3 Bg7 4.e4 d6 5.Bc4 c6 6.O-O O-O 7.Bg5 Bg4 8.h3
Bxf3 9.Qxf3 Nbd7 10.Rfe1 e5 11.d5 c5 12.Bb5 Qb6 13.a4 a6 14.a5 Qc7
15.Bc4 h6 16.Bd2 Kh7 17.b3 Rg8 18.Bd3 Raf8 19.g4 Qd8 20.Kg2 Ne8 21.Ne2
Bf6 22.Ng3 Bg5 23.Be3 Bh4 24.Qe2 Ng7 25.Qd2 h5 26.Bh6 f6 27.Bxg7 Rxg7
28.Qe2 Bxg3 29.fxg3 Qe8 30.Rf1 Rh8 31.Rf2 Kg8 32.g5 fxg5 33.Bxa6 bxa6
34.Qxa6 Qe7 35.Raf1 Kh7 36.Qb5 Rf8 37.Rxf8 Nxf8 38.a6 Kg8 39.Qb8 Rf7
40.Rxf7 Qxf7 41.a7 g4 42.hxg4 hxg4 43.a8=Q Qf3+ 44.Kg1 Qd1+ 45.Kf2
Qd2+ 1/2-1/2

[Event "Finland Team Ch 2010-2011"]
[Site "Espoo FIN"]
[Date "2010.10.16"]
[Round "2"]
[White "Hyrri, Pavel"]
[Black "Wigelius, Pentti"]
[Result "0-1"]
[Section "II Division:1"]
[Board "4"]
[WhiteTeam "Leppävaaran Sisu"]
[BlackTeam "Lauttasaaren Shakkikerho"]
[WhiteElo "1735"]
[BlackElo "1934"]

1.d4 d5 2.c4 c6 3.Nc3 Nf6 4.Nf3 e6 5.Bg5 Be7 6.e3 Nbd7 7.Bd3 O-O
8.cxd5 exd5 9.Qc2 h6 10.Bh4 Re8 11.O-O Nh5 12.Bxe7 Qxe7 13.Rfe1 Nhf6
14.e4 dxe4 15.Nxe4 Nxe4 16.Rxe4 Qf8 17.Rxe8 Qxe8 18.Re1 Qf8 19.Bh7+
Kh8 20.Bd3 Nb6 21.Bf5 Bxf5 22.Qxf5 Nd5 23.Qd7 Rb8 24.Ne5 Kg8 25.g3 Nf6
26.Qc7 Nd5 27.Qa5 Qb4 28.Qxb4 Nxb4 29.a3 Nd5 30.Nd7 Rd8 31.Nc5 Rb8
32.b4 a6 33.Kf1 g6 34.f4 b6 35.Nd7 Rd8 36.Ne5 Ne7 37.Nf3 Nf5 38.Re4
Kf8 39.g4 Nd6 40.Re3 Nb5 41.Rd3 Rd5 (41...c5!) 42.a4 Nc7 43.Ne5 Rd6
44.Nc4 Rf6 45.h3? (45.Nxb6) Rxf4+ 46.Ke2 Nd5 47.a5 b5 48.Nd6 Nxb4 0-1

[Event "Finland Team Ch 2010-2011"]
[Site "Espoo FIN"]
[Date "2010.10.16"]
[Round "2"]
[White "Joutsivuo, Timo"]
[Black "Penttinen, Hannu"]
[Result "1-0"]
[Section "II Division:1"]
[Board "5"]
[WhiteTeam "Lauttasaaren Shakkikerho"]
[BlackTeam "Leppävaaran Sisu"]
[WhiteElo "1941"]
[BlackElo "1696"]

1.d4 d5 2.c4 e6 3.Nf3 Nf6 4.Nc3 Bb4 5.Bg5 h6 6.Bh4 c6 7.Rc1 Nbd7 8.e3
Qa5 9.Qb3 Ne4 10.a3 Bxc3 11.bxc3 O-O 12.Bd3 dxc4 13.Bxc4 Re8 14.O-O
Nd6 15.Bd3 e5 16.Bb1 e4 17.Nd2 Nf5 18.Bg3 Nxg3 19.fxg3 Qd5 20.Qc2 Nf6
21.Rf4 Bf5 22.Ba2 Qd7 23.Rcf1 Bg6 24.Nc4 Nd5 25.R4f2 b5 26.Ne5 Rxe5
27.dxe5 Nxe3 28.Rxf7 Bxf7 29.Rxf7 Nxc2 30.Rxd7+ Kh8?? (30...Kf8 {+/-})
31.e6 e3 (31...Re8 32.e7 Kh7 33.Bf7 {+-}) 32.e7 Re8 33.Rd8 e2 34.Rxe8+
Kh7 35.Rh8+ Kxh8 1-0

[Event "Finland Team Ch 2010-2011"]
[Site "Helsinki FIN"]
[Date "2010.10.16"]
[Round "2"]
[White "Lammi, Esa"]
[Black "Järvinen, Seppo"]
[Result "1-0"]
[Section "II Division:2"]
[Board "1"]
[WhiteTeam "Matinkylän Shakkikerho 4"]
[BlackTeam "Lauttasaaren Shakkikerho 2"]
[WhiteElo "1860"]
[BlackElo "1755"]

1.d4 d5 2.c4 e6 3.Nf3 c6 4.Nc3 Nf6 5.a4 Be7 6.Bg5 Nbd7 7.e3 h6 8.Bh4
O-O 9.Bd3 dxc4 10.Bxc4 Nd5 11.Bxe7 Qxe7 12.O-O Nxc3 13.bxc3 e5 14.Qc2
exd4 15.exd4 Nb6 16.Ba2 Qf6 17.Rfe1 Bf5 18.Qd2 Rae8 19.a5 Nd7 20.Qf4
Be6 21.Qxf6 gxf6 22.Re3 Bxa2 23.Rxa2 Rxe3 24.fxe3 Rc8 25.Nh4 Kh7
26.Nf5 Rc7 27.g4 b6 28.axb6 axb6 29.h4 b5 30.h5 Nb6 31.e4 Na4 32.Ra3
Nb6 33.Kf2 Na4 34.Kf3 Rc8 35.Kf4 Re8 36.c4 Ra8 37.cxb5 cxb5 38.Rb3 Rb8
39.Nd6 b4 40.Nxf7 Nc3 41.Nd6 Rb6 42.Nc4 Re6 43.Nd2 Kg7 44.Rxb4 Rxe4+
45.Nxe4 Nd5+ 46.Kf5 Nxb4 47.Nxf6 Nc6 48.d5 Nd4+ 49.Ke5 Nf3+ 50.Kf4 Ng5
51.Ne4 Nf7 52.Kf5 1-0

[Event "Finland Team Ch 2010-2011"]
[Site "Helsinki FIN"]
[Date "2010.10.16"]
[Round "2"]
[White "Turtiainen, Kimmo"]
[Black "Mattila, Olavi"]
[Result "0-1"]
[Section "II Division:2"]
[Board "2"]
[WhiteTeam "Lauttasaaren Shakkikerho 2"]
[BlackTeam "Matinkylän Shakkikerho 4"]
[WhiteElo "1809"]
[BlackElo "1832"]

1.d4 d5 2.c4 e6 3.Nc3 Nf6 4.Nf3 Be7 5.g3 O-O 6.Bg2 c5 7.O-O dxc4
8.dxc5 Qxd1 9.Rxd1 Bxc5 10.Ne5 a6 11.Bg5 Ra7 12.Bxf6 (12.Na4) gxf6
13.Nxc4 b5 14.Ne4 Be7 15.Ne3 Nd7 16.Rac1 f5 17.Nd6 Bxd6 18.Rxd6 Ne5
19.f4 Ng4 20.Nxg4 fxg4 21.e4 Rd7 22.Rdc6 (22.e5) Rdd8 (22...Bb7 23.Rc7
Rfd8) 23.e5 Kg7 24.Rb6 (24.Rc7) h5 25.h4 f6 26.exf6+ Kxf6 27.Be4 Ke7
28.Rcc6 Rd1+ 29.Kf2 Rfd8 30.Rc7+ Kf6 31.Rb8 R8d2+ 32.Ke3 Bd7
(32...Rd7) 33.Bc2 Rxc2 34.Rxc2 Rg1 35.Rc7 (35.Kf2 {+-}) Rxg3+ 36.Ke4 Rg1
37.Rxd7?? Re1+ 38.Kd3 Rd1+ 39.Ke3 Rxd7 40.Rb6 Ra7 41.Ke4 Rg7 42.f5 g3
43.fxe6 g2 0-1

[Event "Finland Team Ch 2010-2011"]
[Site "Helsinki FIN"]
[Date "2010.10.16"]
[Round "2"]
[White "Muhonen, Esko"]
[Black "Piippo, Mikko"]
[Result "1/2-1/2"]
[Section "II Division:2"]
[Board "3"]
[WhiteTeam "Matinkylän Shakkikerho 4"]
[BlackTeam "Lauttasaaren Shakkikerho 2"]
[WhiteElo "1845"]
[BlackElo "1762"]

1.e4 d5 2.exd5 Qxd5 3.Nc3 Qd6 4.Nf3 Nf6 5.Be2 a6 6.O-O b5 7.a3 Bb7
8.d3 Nbd7 9.Be3 e6 10.Nd2 Be7 11.Nce4 Nxe4 12.Nxe4 Qe5 13.Nc3 Bd6
14.g3 Qf6 15.Rb1 Nc5 16.Bxc5 Bxc5 17.Ne4 Bxe4 18.dxe4 Rd8 19.Qc1
1/2-1/2

[Event "Finland Team Ch 2010-2011"]
[Site "Helsinki FIN"]
[Date "2010.10.16"]
[Round "2"]
[White "Siikonen, Timo"]
[Black "Heikkinen, Jyrki"]
[Result "1-0"]
[Section "II Division:2"]
[Board "4"]
[WhiteTeam "Lauttasaaren Shakkikerho 2"]
[BlackTeam "Matinkylän Shakkikerho 4"]
[WhiteElo "1742"]
[BlackElo "1732"]

1.e4 d6 2.d4 Nf6 3.Nc3 g6 4.Bg5 Bg7 5.Qd2 h6 6.Bh4 a5 7.O-O-O Nc6 8.f4
Bg4 9.Nf3 d5 10.Bxf6 Bxf6 11.Nxd5 Bxd4?? 12.Nxd4 Bxd1 13.Qxd1
(13.Bb5!) Nxd4 14.Qxd4 O-O 15.Qe5 c6 16.Nxe7+ Kh7 17.f5 Re8 18.f6 b5
19.h4 Qb6 20.Qf4 Rad8 21.Bd3 Rd4 22.h5 (22.Nf5!!) 1-0

[Event "Finland Team Ch 2010-2011"]
[Site "Helsinki FIN"]
[Date "2010.10.16"]
[Round "2"]
[White "Räsänen, Reijo"]
[Black "Laaksovuori, Tommi"]
[Result "1/2-1/2"]
[Section "II Division:2"]
[Board "5"]
[WhiteTeam "Matinkylän Shakkikerho 4"]
[BlackTeam "Lauttasaaren Shakkikerho 2"]
[WhiteElo "1740"]
[BlackElo "1653"]

1.d4 d5 2.g3 Bf5 3.Bg2 Nf6 4.Nc3 e6 5.a3 c5 6.Nf3 Nc6 7.e3 c4 8.O-O
Be7 9.Re1 Qd7 10.Ne5 Nxe5 11.dxe5 Ng4 12.e4 dxe4 13.Qxd7+ Kxd7 14.Bxe4
Bc5 15.Re2 Bxe4 16.Nxe4 Bb6 17.Ng5 h6 18.Nf3 h5 19.h3 Nh6 20.Be3 Bxe3
21.Rxe3 Nf5 22.Re4 b5 23.Nd4 Nxd4 24.Rxd4+ Kc7 25.Rf4 Rhf8 26.a4 a6
27.axb5 axb5 28.Rxf7+ Kc6 29.Rfa7 Rxa7 30.Rxa7 Rd8 31.Rxg7 Rd2 32.g4
h4?? (32...hxg4) 33.g5 Rxc2 34.g6 Rxb2 35.Rf7 c3 36.Rf8?? (36.g7 {+-})
Kd7?? (36...c2 37.Kg2 Kb7 38.Rf7+ Kb6 39.g7 {=}) 37.Rf7 (37.g7 {+-}) Ke8
38.Rc7 Kf8 39.Rxc3 Kg7 40.Rc6 Kxg6 41.Rxe6+ Kf5 42.Rh6 Kxe5 43.Rxh4 b4
44.Kf1 b3 45.Rb4 Kd5 46.Ke1 Kc5 47.Rb8 Rb1+ 48.Kd2 Kc4 49.Rc8+ Kb4
50.Rb8+ Ka3 51.Ra8+ Kb2 52.f4 Rf1 53.Ke3 Rh1 54.f5 Rxh3+ 55.Kd4 Rh4+
56.Ke5 Rb4 57.f6 Kc2?? (57...Rb7 {=}) 58.Rc8+?? (58.f7 {+-}) Kd2??
(58...Kd3 59.f7 Re4+ {=}) 59.f7 Rb5+ 60.Ke6 (60.Kf6! b2 61.f8=Q {+-})
Rb6+ 61.Ke5 Rb5+ 1/2-1/2

[Event "Finland Team Ch 2010-2011"]
[Site "Helsinki FIN"]
[Date "2010.10.16"]
[Round "2"]
[White "Öberg, Tommy"]
[Black "Paasonen, Kim"]
[Result "1-0"]
[Section "III Division:5"]
[Board "1"]
[WhiteTeam "Ekenäs Schackklub"]
[BlackTeam "Lauttasaaren Shakkikerho 3"]
[WhiteElo "1913"]
[BlackElo "1622"]

1.d4 d5 2.Nf3 c5 3.dxc5 Qa5+ 4.c3 Qxc5 5.g3 Nf6 6.Bg2 Bf5 7.O-O Nc6
8.Nbd2 e5 9.Nb3 Qb6 10.Be3 Qc7 11.Bg5 O-O-O 12.Nh4 Be6 13.Bxf6 gxf6
14.e3 Be7 15.Bf3 Rhg8 16.Rc1 f5 17.Ng2 f4 18.exf4 exf4 19.Nd4 Kb8
20.Re1 fxg3 21.hxg3 Bc5 22.b4 Bxd4 23.cxd4 Qb6 24.a3 Nxd4 25.Rc5 Nxf3+
26.Qxf3 Rc8 27.Ra5 Rc2 (27...Qd4! {=/+}) 28.Ne3 Ra2 29.Nxd5 Bxd5
(29...Rxf2!! 30.Qxf2 Rxg3+ 31.Kf1 Bh3+ 32.Ke2 Bg4+ {=}) 30.Rxd5 a6
31.Rd7 h5 32.Ree7 Qxf2+? 33.Qxf2 Rxf2 34.Kxf2 Rg6 35.Rxf7 Rc6 36.Rxb7+
Ka8 37.Rbe7 Rc2 38.Kf1 Kb8 39.Rf8+ 1-0

[Event "Finland Team Ch 2010-2011"]
[Site "Helsinki FIN"]
[Date "2010.10.16"]
[Round "2"]
[White "Jalas, Aaro"]
[Black "Ekberg, Leif"]
[Result "1/2-1/2"]
[Section "III Division:5"]
[Board "2"]
[WhiteTeam "Lauttasaaren Shakkikerho 3"]
[BlackTeam "Ekenäs Schackklub"]
[WhiteElo "1583"]
[BlackElo "1836"]

1.d4 e6 2.Nf3 d5 3.e3 Nf6 4.Bd3 Nbd7 5.O-O Bd6 6.Nbd2 O-O 7.e4 dxe4
8.Nxe4 Nxe4 9.Bxe4 Nf6 10.Bg5 h6 11.Bh4 Be7 (11...g5! 12.Bxg5 hxg5
13.Nxg5 Bf4 14.Nh3 Bh6 {-/+}) 12.Bd3 b6 13.Re1 Bb7 14.c3 Rc8 15.Qe2 c5
16.Rad1 cxd4 17.Nxd4 Qd5 18.Nf3 Qh5 19.Bxf6 Bxf6 1/2-1/2

[Event "Finland Team Ch 2010-2011"]
[Site "Helsinki FIN"]
[Date "2010.10.16"]
[Round "2"]
[White "Wendelin, Alf"]
[Black "Heimonen, Arto"]
[Result "0-1"]
[Section "III Division:5"]
[Board "3"]
[WhiteTeam "Ekenäs Schackklub"]
[BlackTeam "Lauttasaaren Shakkikerho 3"]
[WhiteElo "1743"]
[BlackElo "1534"]

1.c4 Nf6 2.Nc3 e5 3.g3 d5 4.cxd5 Nxd5 5.Bg2 Be6 6.Nf3 Nc6 7.O-O f6?!
8.Qb3 Qd7 9.Nh4 Nb6 10.Qd1 g5 11.Nf3 h5 12.h4 Qg7 (12...g4) 13.d4
O-O-O 14.hxg5 Nxd4 15.gxf6 Qxf6 16.Nxd4 Rxd4 17.Qc2 h4 18.Ne4 Qf5
19.Be3 Rc4 20.Qd3 hxg3 21.fxg3 Qg4 22.Bxb6 axb6 23.Rad1 Be7 24.Nf6??
Bc5+ 25.e3 Qxg3 26.Ne4 Rxe4 27.Rf3 Rxe3 28.Rxe3 Bxe3+ 0-1

[Event "Finland Team Ch 2010-2011"]
[Site "Helsinki FIN"]
[Date "2010.10.16"]
[Round "2"]
[White "Koivusalo, Riku"]
[Black "Ekberg, Tage"]
[Result "1/2-1/2"]
[Section "III Division:5"]
[Board "4"]
[WhiteTeam "Lauttasaaren Shakkikerho 3"]
[BlackTeam "Ekenäs Schackklub"]
[WhiteElo "1472"]
[BlackElo "1670"]

1.d4 d5 2.c4 e6 3.Nf3 Nf6 4.e3 Be7 5.cxd5 exd5 6.h3 c6 7.Bd3 Be6 8.Nc3
Nbd7 9.Bd2 Nf8 10.Rb1 Ng6 11.b4 a6 12.a4 O-O 13.b5 axb5 14.axb5 Qd7
15.bxc6 bxc6 16.Ng5 Ra3 17.Nxe6 Qxe6 18.O-O Ne4 19.Qc2 Nxd2 20.Qxd2
Nh4 21.Rfc1 Qxh3 22.Bf1 Qg4 23.Qe2 Qg6 24.Rb6 Rfa8 25.Nxd5 Qg5
26.Nxe7+ Qxe7 27.Rbxc6 g6 28.Rc8+ Kg7 29.Rxa8 Rxa8 30.Rd1 Qg5 31.g3
Nf5 32.Bg2 Rd8 33.d5 h5 34.e4 Nd6 35.Bh3 (35.Qb2+ f6 36.Ra1) Re8
36.Qb2+ Kg8 37.Bg2 Nxe4 38.Bxe4 (38.d6 Nf6 39.d7 Rd8 40.Bc6) Rxe4
39.Qb8+ (39.d6!) Kg7 40.d6 Qg4 41.Qb3 (41.Qb2+ Kh7 42.Qc2) Qd7
(41...Rd4) 42.Qc3+ Kh7 43.Qc7 (43.Rd5) Qxc7 44.dxc7 Rc4 45.Rd7 Kg7
46.Kf1 Kf6 1/2-1/2